| Tag |
First Indicator |
Second Indicator |
Subfields |
| LEADER |
00000cam a2200000 4500 |
| 001 |
in00000176921 |
| 005 |
20151008085035.0 |
| 008 |
731116s1974 maua b 00010 eng d |
| 010 |
|
|
|a 73020134
|
| 020 |
|
|
|a 087626044X
|
| 020 |
|
|
|a 0876260431 (pbk.)
|
| 035 |
|
|
|a (OCoLC)00754523
|
| 035 |
|
|
|9 AAT9516AM
|
| 040 |
|
|
|a DLC
|c DLC
|d TXA
|d UtOrBLW
|
| 049 |
|
|
|a TXAM
|c [1338861]
|
| 050 |
0 |
0 |
|a GN739
|b .W54
|
| 082 |
0 |
|
|a 913/.031
|
| 100 |
1 |
|
|a Willey, Gordon R.
|q (Gordon Randolph),
|d 1913-2002.
|
| 245 |
1 |
0 |
|a Archaeological researches in retrospect /
|c edited by Gordon R. Willey.
|
| 264 |
|
1 |
|a Cambridge, Mass. :
|b Winthrop Publishers,
|c [1974]
|
| 300 |
|
|
|a xix, 296 pages :
|b illustrations
|
| 336 |
|
|
|a text
|b txt
|2 rdacontent
|
| 337 |
|
|
|a unmediated
|b n
|2 rdamedia
|
| 338 |
|
|
|a volume
|b nc
|2 rdacarrier
|
| 504 |
|
|
|a Includes bibliographies.
|
| 650 |
|
0 |
|a Prehistoric peoples.
|
| 650 |
|
0 |
|a Indians
|x Antiquities.
|
| 650 |
|
0 |
|a Archaeology.
|
| 999 |
|
|
|a MARS
|
| 999 |
f |
f |
|s 6b71e323-366b-3f95-b613-7f9caa10eef2
|i 5b7cc24e-ebfe-3590-ba14-1bc219639e9f
|t 0
|
| 952 |
f |
f |
|p ric
|a Texas A&M University
|b Rellis Campus
|c Joint Library Facility
|d Remote Storage
|t 0
|e GN739 .W54
|h Library of Congress classification
|i unmediated -- volume
|m A14802435533
|
| 998 |
f |
f |
|a GN739 .W54
|t 0
|l Remote Storage
|